Hoofdsteden van Europa op een kaart - Statistieken

Algemene statistieken
  • Deze quiz is 585 keer genomen
  • De gemiddelde score is 35 van 45
Antwoorden op de kaart
Antwoorden kleurgecodeerd door een groen-rode schaal op de quizkaart volgens % correct hieronder.
 
Antwoordstatistieken
Antwoord % Correct
Amsterdam
99%
Berlijn
97%
Brussel
97%
Londen
97%
Madrid
97%
Parijs
97%
Luxemburg
96%
Lissabon
94%
Rome
94%
Athene
93%
Moskou
93%
Dublin
92%
Oslo
92%
Vaticaanstad
92%
Kiev
90%
Stockholm
90%
Kopenhagen
89%
Monaco
89%
Helsinki
88%
San Marino
88%
Warschau
88%
Bern
85%
Wenen
83%
Praag
82%
Reykjavik
80%
Boedapest
75%
Boekarest
74%
Sofia
72%
Zagreb
72%
Minsk
68%
Andorra La Vella
65%
Tallinn
65%
Ljubljana
63%
Riga
62%
Skopje
61%
Bratislava
60%
Sarajevo
59%
Tirana
59%
Vilnius
59%
Valletta
58%
Belgrado
51%
Vaduz
51%
Chisinau
44%
Pristina
44%
Podgorica
39%
Geen overeenkomende quizzen gevonden
Scoreverdeling
Procent van Mensen met Elke Score
Percentiel versus Aantal Correcte Antwoorden
Uw Scoregeschiedenis
U heeft deze quiz nog niet genomen